| 000 | 00749cam a2200229 a 4500 | ||
|---|---|---|---|
| 001 | 000004847 | ||
| 005 | 20200929151522.0 | ||
| 008 | 720428s2001 ve 001 p spa | ||
| 020 | _a9800111522 | ||
| 040 |
_aDO-SdBNP _bspa _cBNPHU |
||
| 082 |
_aV861.4 _bC122c |
||
| 100 | 1 |
_aCadenas, Rafael, _d1930- _914064 |
|
| 245 | 1 | 4 |
_aLos cuadernos del destierro / _cRafael Cadenas ; prólogo de Gonzalo Ramírez. |
| 260 |
_aCaracas : _bMonte Ávila Latinoamericana, _c2001. |
||
| 300 |
_a68 p. ; _c16 cm. |
||
| 650 | 4 |
_aPoesía venezolana _94230 |
|
| 650 | 4 |
_aLiteratura venezolana _ySIGLO XX _99777 |
|
| 650 | 4 |
_aLiteratura latinoamericana _ySIGLO XX _9203 |
|
| 700 | 1 |
_aRamírez, Gonzalo, _epról. _914065 |
|
| 910 | _aCatalogación derivada | ||
| 910 | _aWM | ||
| 999 |
_c4653 _d4653 |
||